[Event "ACP Blitz Prelim3"]
[Site "playchess.com INT"]
[Date "2004.04.14"]
[Round "4"]
[White "Sharevich,A"]
[Black "Grischuk,A"]
[Result "0-1"]
[WhiteElo "2240"]
[BlackElo "2719"]

1.d4 Nf6 2.c4 g6 3.Nc3 d5 4.cxd5 Nxd5 5.e4 Nxc3 6.bxc3 Bg7 7.Nf3 c5 8.Be3 O-O
9.Qd2 Qa5 10.Rc1 Rd8 11.d5 e6 12.c4 Qxd2+ 13.Nxd2 Na6 14.Be2 b5 15.cxb5 Nb4
16.Bxc5 Nxa2 17.Rc2 Nc3 18.d6 Bd7 19.f4 Rdc8 20.Bb4 Nxe2 21.Rxc8+ Rxc8 22.Kxe2 Bxb5+
23.Kf3 e5 24.g3 f5 25.Re1 Bc6 26.Kf2 exf4 27.gxf4 Rb8 28.Bc5 Rb2 29.Ke3 fxe4
30.Nxe4 a5 31.Ng5 h6 32.Ne6 Bc3 33.Rd1 Bd7 34.Nd4 Rxh2 35.Ne2 Rh3+ 36.Kf2 Rh2+
37.Ke3 Rxe2+ 38.Kxe2 Bg4+ 39.Kd3 Bxd1 40.Kxc3 Bg4 41.Kd4 Kf7 42.Ke3 a4 43.Kf2 Ke6
44.Ba3 Kd5 45.Kg3 Bf5 46.Kf3 Kc4 47.Kg3 Kb3  0-1

[Event "ACP Blitz Prelim4"]
[Site "playchess.com INT"]
[Date "2004.04.15"]
[Round "17"]
[White "Shipov,S"]
[Black "Harikrishna,P"]
[Result "1-0"]
[WhiteElo "2593"]
[BlackElo "2599"]

1.d4 Nf6 2.c4 g6 3.Nc3 d5 4.cxd5 Nxd5 5.e4 Nxc3 6.bxc3 Bg7 7.Nf3 c5 8.h3 O-O
9.Be2 b6 10.Be3 Bb7 11.Qd3 Ba6 12.Qd2 Qd7 13.O-O Qa4 14.Bxa6 Nxa6 15.Bh6 cxd4
16.Bxg7 Kxg7 17.cxd4 Rac8 18.h4 Nb4 19.h5 Rfd8 20.Rad1 Qa5 21.h6+ Kg8 22.d5 e6
23.Qd4 e5 24.Qxe5 f6 25.Qe6+  1-0

[Event "ACP Blitz Final"]
[Site "playchess.com INT"]
[Date "2004.04.17"]
[Round "1.1"]
[White "Lautier,J"]
[Black "Shipov,S"]
[Result "0-1"]
[WhiteElo "2680"]
[BlackElo "2593"]

1.d4 Nf6 2.c4 g6 3.Nc3 d5 4.cxd5 Nxd5 5.e4 Nxc3 6.bxc3 Bg7 7.Nf3 c5 8.Rb1 O-O
9.Be2 b6 10.O-O Bb7 11.Qd3 Ba6 12.Qc2 cxd4 13.Bxa6 Nxa6 14.cxd4 Qd7 15.Ba3 Rfe8
16.Qc4 Qb7 17.Qa4 Rac8 18.d5 e6 19.d6 Nb8 20.Rfc1 Nd7 21.h3 a6 22.Nd2 Rxc1+
23.Rxc1 Rc8 24.Rxc8+ Qxc8 25.Qc4 Qxc4 26.Nxc4 Bd4 27.Kf1 f5 28.f3 Kf7 29.Ke2 fxe4
30.fxe4 e5 31.Nd2 b5 32.Nf3 Bb6 33.Ng5+ Kg7 34.Bc1 h5 35.g4 hxg4 36.hxg4 Kf6
37.Nh7+ Ke6 38.Ba3 a5 39.Ng5+ Kf6 40.Nh7+ Kg7 41.Ng5 b4 42.Bb2 Kf6 43.Kd3 Kxg5
44.Kc4 Kf6 45.Kd5 a4 46.Kc4 Bc5 47.Kb5 Bxd6 48.Kxa4 Ke6 49.Kb5 Nf6 50.Kc4 Nxe4
51.Bc1 Nf2 52.g5 Ne4 53.Be3 Be7 54.Kd3 Nxg5 55.Kc4 Nf7  0-1

[Event "7th St Quentin Open"]
[Site "Elancourt FRA"]
[Date "2004.04.20"]
[Round "3"]
[White "Bagheri,A"]
[Black "Imbert,C"]
[Result "1-0"]
[WhiteElo "2506"]
[BlackElo "2100"]

1.d4 Nf6 2.c4 g6 3.Nc3 d5 4.cxd5 Nxd5 5.e4 Nxc3 6.bxc3 Bg7 7.Nf3 c5 8.Rb1 O-O
9.Be2 Nc6 10.d5 Na5 11.c4 Bg4 12.Nd2 Bxe2 13.Qxe2 Qd7 14.O-O e6 15.Bb2 Bxb2
16.Rxb2 Rfe8 17.Qd3 b6 18.e5 f5 19.f4 Kh8 20.Rc1 Rad8 21.d6 Rg8 22.Nf3 h6
23.h4 Qg7 24.Kh2 Rd7 25.Rg1 Qf8 26.g3 Rh7 27.Kg2 Qa8 28.Rh1 Nc6 29.Kg1 Qb7
30.Rhh2 Qa6 31.Rhg2 Na5 32.Rbc2 Qb7 33.g4 Nc6 34.a3 Qd7 35.Rg3 Rhg7 36.Rcg2 Nd8
37.Kh2 Nc6 38.h5 gxh5 39.gxf5 Rxg3 40.Rxg3 Rxg3 41.Kxg3 exf5 42.Qd5 Nd8 43.Qa8 Kh7
44.Nh4 Ne6 45.Nxf5 Nd4 46.Ne3 Ne2+ 47.Kf3 Nc3 48.f5 Qg7 49.f6 Qd7 50.e6  1-0

[Event "TCh-RUS 1st Liga"]
[Site "Sochi RUS"]
[Date "2004.04.20"]
[Round "1"]
[White "Sergienko,S"]
[Black "Kryakvin,D"]
[Result "1/2-1/2"]
[WhiteElo "2404"]
[BlackElo "2471"]

1.d4 Nf6 2.c4 g6 3.Nc3 d5 4.cxd5 Nxd5 5.e4 Nxc3 6.bxc3 Bg7 7.Qa4+ Qd7 8.Qxd7+ Nxd7
9.Ba3 Nb6 10.Nf3 Be6 11.Nd2 c6 12.Bd3 Bh6 13.Nb3 Nc4 14.Bc1 Bxc1 15.Rxc1 b6
16.O-O O-O-O 17.f4 Kc7 18.Rf2 a5 19.Re1 Nd6 20.f5 Bc4 21.Bxc4 Nxc4 22.fxg6 fxg6
23.a4 Rdf8 24.Ref1  1/2-1/2

[Event "6th Open"]
[Site "Dubai UAE"]
[Date "2004.04.22"]
[Round "4"]
[White "Sturua,Z"]
[Black "Harikrishna,P"]
[Result "0-1"]
[WhiteElo "2533"]
[BlackElo "2599"]

1.d4 Nf6 2.c4 g6 3.Nc3 d5 4.cxd5 Nxd5 5.e4 Nxc3 6.bxc3 Bg7 7.Bc4 c5 8.Ne2 O-O
9.O-O Nc6 10.Be3 Bd7 11.Rc1 Rc8 12.h3 Qa5 13.f4 cxd4 14.cxd4 Qb4 15.Qd3 Na5
16.Bd2 Qa4 17.Bxa5 Qxa5 18.e5 e6 19.d5 exd5 20.Qxd5 Qxd5 21.Bxd5 Bb5 22.Kf2 Rfd8
23.Bxb7 Rxc1 24.Rxc1 Rd2 25.Bf3 Rxa2 26.Rc8+ Bf8 27.Ke3 Ba6 28.Rc7 Bb4 29.Nd4 Ba5
30.Rxa7 Bb6 31.Rd7 Ra3+ 32.Ke4 Bc8 33.Re7 Kf8 34.Nc6 Rc3 35.Kd5 Bc5  0-1

[Event "6th Open"]
[Site "Dubai UAE"]
[Date "2004.04.23"]
[Round "5"]
[White "Kruppa,Y"]
[Black "Ganguly,S"]
[Result "1/2-1/2"]
[WhiteElo "2533"]
[BlackElo "2582"]

1.d4 Nf6 2.c4 g6 3.Nc3 d5 4.cxd5 Nxd5 5.e4 Nxc3 6.bxc3 Bg7 7.Bg5 c5 8.Rc1 h6
9.Be3 Qa5 10.Qd2 cxd4 11.cxd4 Qxd2+ 12.Bxd2 O-O 13.Nf3 Rd8 14.Bb5 e6 15.O-O Nc6
16.Bxc6 bxc6 17.Rfd1 Ba6 18.Be3  1/2-1/2

[Event "TCh-RUS 1st Liga"]
[Site "Sochi RUS"]
[Date "2004.04.25"]
[Round "6"]
[White "Gladyszev,O"]
[Black "Ayupov,D"]
[Result "0-1"]
[WhiteElo "2443"]
[BlackElo "2325"]

1.d4 Nf6 2.c4 g6 3.Nc3 d5 4.cxd5 Nxd5 5.e4 Nxc3 6.bxc3 Bg7 7.Nf3 c5 8.Rb1 O-O
9.Be2 b6 10.O-O Bb7 11.Qd3 Ba6 12.Qe3 Qd7 13.Bxa6 Nxa6 14.Qe2 Nc7 15.Rd1 cxd4
16.cxd4 f5 17.Qc4+ e6 18.Ba3 Rfd8 19.exf5 gxf5 20.Rb3 Rac8 21.Qe2 Nd5 22.Ne5 Nf4
23.Qe3 Qd5 24.Qxf4 Qxe5 25.Qg5 Rxd4 26.Rf1 Rg4 27.Qe7 Qd5 28.g3 Bf8 29.Qf6 Bg7
30.Qe7 Bf8 31.Qf6 Rg6 32.Qh4 Rc4 33.Qh5 f4 34.Qxd5 exd5 35.Rd1 fxg3 36.hxg3 d4
37.Bxf8 Kxf8 38.Rbd3 Rd6 39.Kg2 Ke7 40.Kf3 Kf6 41.Kf4 Rd5 42.R1d2 Ke6 43.g4 Kd6
44.f3 Kc5 45.Ke4 Rd7 46.f4 Re7+ 47.Kf5 Re3 48.g5 Rxd3 49.Rxd3 Kd5 50.Rd1 Rc7
51.Kg4 Ke4 52.Re1+ Kd3 53.f5 Kc2 54.f6 d3 55.Re7 Rc4+ 56.Kf5 d2 57.Rd7 d1=Q
58.Rxd1 Kxd1 59.f7 Rc8 60.Kf6 Ke2 61.Kg7 Rc7 62.Kg8 Rxf7 63.Kxf7 Kf3 64.Kg7 Kf4
65.Kxh7 Kxg5 66.Kg7 Kf5 67.Kf7 Ke5 68.Ke7 Kd4 69.Kd6 Kc3 70.Kc6 Kb2 71.a4 Kb3
72.Kb5 a5 73.Kxb6 Kxa4 74.Kc5 Kb3  0-1

[Event "TCh-RUS w"]
[Site "Sochi RUS"]
[Date "2004.04.25"]
[Round "6"]
[White "Ubiennykh,E"]
[Black "Matveeva,S"]
[Result "1-0"]
[WhiteElo "2282"]
[BlackElo "2496"]

1.d4 Nf6 2.c4 g6 3.Nc3 d5 4.cxd5 Nxd5 5.e4 Nxc3 6.bxc3 Bg7 7.Bc4 c5 8.Ne2 O-O
9.O-O Nc6 10.Be3 Bd7 11.Rb1 cxd4 12.cxd4 Na5 13.Bd3 e6 14.Qd2 Rc8 15.Bg5 f6
16.Bh6 Bxh6 17.Qxh6 Qe7 18.h4 b6 19.Qd2 Nc4 20.Bxc4 Rxc4 21.Rb3 Rfc8 22.Rg3 Rc2
23.Qd3 Qb4 24.Qf3 Qd2 25.Qxf6 Qxe2 26.h5 Qxh5 27.Rh3 Qb5 28.Qe7 Qxf1+ 29.Kxf1 Rc1+
30.Ke2 R1c2+ 31.Ke3 R8c3+ 32.Kf4 Rxf2+ 33.Rf3 e5+ 34.Kxe5 Rfxf3 35.gxf3 Bh3
36.f4 Rc8 37.d5 Rf8 38.Qxa7 Re8+ 39.Kf6 Rf8+ 40.Kg5 Rf7 41.Qxb6  1-0

[Event "TCh-RUS 1st Liga"]
[Site "Sochi RUS"]
[Date "2004.04.27"]
[Round "8"]
[White "Volkov,S1"]
[Black "Turov,M"]
[Result "0-1"]
[WhiteElo "2629"]
[BlackElo "2528"]

1.d4 Nf6 2.c4 g6 3.Nc3 d5 4.cxd5 Nxd5 5.e4 Nxc3 6.bxc3 Bg7 7.Qa4+ Qd7 8.Qb3 O-O
9.Nf3 b6 10.Bb5 c6 11.Bc4 c5 12.d5 Ba6 13.a4 Qg4 14.O-O Qxe4 15.Bxa6 Nxa6
16.Re1 Qd3 17.Re3 Qf5 18.Rxe7 Bf6 19.Re1 Rfd8 20.Bb2 Rxd5 21.a5 Rb8 22.axb6 Rxb6
23.Qa2 Kg7 24.h3 Rd3 25.Rad1 Rxd1 26.Rxd1 Qe6 27.Qxe6 Rxe6 28.Kf1 Rb6 29.Ba1 Nc7
30.c4 Ne6 31.Be5 a5 32.Ra1 Ra6 33.Ra4 Nd8 34.Bf4 Bc3 35.Be5+ Bxe5 36.Nxe5 Nb7
37.Nd3 Kf6 38.Ke2 Ke6 39.Ra1 Kd6 40.f3 Ra8 41.Rd1 a4 42.Kd2 a3 43.Kc3 a2
44.Nb4+ Ke5 45.Nc2 Kf4 46.Kb2 Kg3 47.Na3 Nd6 48.Rc1 Kxg2 49.Kxa2 Kxh3 50.Kb3 Kg3
51.Rd1 Nf5 52.Nb5 h5 53.Nc7 Rb8+ 54.Kc3 h4 55.Nd5 h3 56.Nf6 h2 57.Ne4+ Kf4
58.Nxc5 Ng3 59.Nd3+ Kxf3 60.Ne5+ Kf4 61.Nd3+ Kf5 62.Nf2 Ne4+ 63.Nxe4 Kxe4
64.Rd4+ Kf3 65.Rd3+ Kg4 66.Rd4+ Kf5 67.Rd1 Rh8 68.Rh1 Kf4 69.c5 Kg3  0-1

[Event "1st ACP Women Blitz"]
[Site "playchess.com INT"]
[Date "2004.05.02"]
[Round "1"]
[White "Kachiani,K"]
[Black "Matveeva,S"]
[Result "0-1"]
[WhiteElo "2439"]
[BlackElo "2496"]

1.d4 Nf6 2.c4 g6 3.Nc3 d5 4.cxd5 Nxd5 5.e4 Nxc3 6.bxc3 Bg7 7.Nf3 O-O 8.Be3 c5
9.Qd2 Qa5 10.Rb1 Nc6 11.Rb5 cxd4 12.Rxa5 dxe3 13.Qxe3 Nxa5 14.h4 Be6 15.Ng5 Bxa2
16.h5 Rfc8 17.e5 f6 18.Nf3 Bc4 19.hxg6 hxg6 20.Bxc4+ Nxc4 21.Qe4 Nxe5 22.Nxe5 fxe5
23.Qd5+ Kf8 24.Qf3+ Bf6 25.Qxb7 Rab8 26.Qe4 Rxc3 27.O-O Kg7 28.Ra1 Rc7 29.g3 Rbc8
30.Kg2 Rc4 31.Qd5 R8c5 32.Qe6 Rc6 33.Qd7 Rc7 34.Qd5 R4c5 35.Qe4 a5 36.g4 Rc4
37.Qe2 a4 38.f3 Rc2 39.Kf2 Rxe2+ 40.Kxe2 Ra7 41.Ra2 a3 42.Kd3 e4+ 43.Kxe4 Bb2  0-1

[Event "1st ACP Women Blitz"]
[Site "playchess.com INT"]
[Date "2004.05.02"]
[Round "9"]
[White "Krush,I"]
[Black "Veroci,Z"]
[Result "1-0"]
[WhiteElo "2465"]
[BlackElo "2315"]

1.d4 Nf6 2.c4 g6 3.Nc3 d5 4.cxd5 Nxd5 5.e4 Nxc3 6.bxc3 Bg7 7.Bc4 O-O 8.Ne2 Nc6
9.h4 b6 10.h5 Na5 11.Bd3 c5 12.Be3 cxd4 13.cxd4 Bb7 14.Qd2 Re8 15.Bh6 Bh8
16.hxg6 fxg6 17.e5 Rc8 18.Qg5 e6 19.Qg4 Qe7 20.Kf1 Nc4 21.Nf4 Ba6 22.Kg1 Nxe5
23.dxe5 Bxd3 24.Nxd3 Qf7 25.Re1 Rc2 26.a4 Rec8 27.Nf4 R2c4 28.Qxe6 Qxe6 29.Nxe6 Rxa4
30.g3 Rc6 31.Nf4 b5 32.Kg2 Rac4 33.e6 Rc8 34.e7 Re8 35.Rd1 Rc7 36.Rhe1  1-0

[Event "Mitropa Cup"]
[Site "Zemplinska Sirava SVK"]
[Date "2004.05.06"]
[Round "9"]
[White "Braun,A"]
[Black "Borisek,J"]
[Result "1/2-1/2"]
[WhiteElo "2455"]
[BlackElo "2464"]

1.d4 Nf6 2.c4 g6 3.Nc3 d5 4.cxd5 Nxd5 5.e4 Nxc3 6.bxc3 Bg7 7.Nf3 c5 8.Rb1 Nc6
9.d5 Ne5 10.Nxe5 Bxe5 11.Bb5+ Bd7 12.c4 O-O 13.O-O Bd4 14.Bh6 Re8 15.Qd2 e6
16.Rfe1 exd5 17.Bxd7 Qxd7 18.exd5 b6 19.g3 Qf5 20.Bf4 f6 21.h4 h5 22.d6 Kf7
23.a4 Rad8 24.a5 g5 25.hxg5 fxg5 26.Bxg5 Rxd6 27.Rxe8 Kxe8 28.Re1+ Re6 29.Rxe6+ Qxe6
30.Qf4 bxa5 31.Kg2 Qxc4 32.Qe4+ Kf8 33.Bh6+ Kf7 34.Qf5+ Bf6 35.Be3 Qg4 36.Qxc5 Qe4+
37.f3 Qe5 38.Qxa7+ Kg6 39.Bf2 Qb5 40.Qa8 a4 41.Qg8+ Bg7 42.Bd4 Qe2+ 43.Kh3 Qf1+
44.Kh2 Qe2+ 45.Kh3 Qf1+  1/2-1/2

[Event "7th United Insurance"]
[Site "Dhaka BAN"]
[Date "2004.05.08"]
[Round "2"]
[White "Islam,Kh"]
[Black "Monir,A"]
[Result "1-0"]
[WhiteElo "2292"]
[BlackElo "2163"]

1.d4 Nf6 2.c4 g6 3.Nc3 d5 4.cxd5 Nxd5 5.e4 Nxc3 6.bxc3 Bg7 7.Nf3 O-O 8.Be2 c5
9.Rb1 Nc6 10.d5 Bxc3+ 11.Bd2 Bxd2+ 12.Qxd2 Nd4 13.Nxd4 cxd4 14.Qxd4 Qa5+
15.Qd2 Qxd2+ 16.Kxd2 Rd8 17.Ke3 b6 18.Rbc1 Kf8 19.Rhd1 Rb8 20.Rc7 Bb7 21.Bb5 Rdc8
22.Rdc1 Rxc7 23.Rxc7 a6 24.Bd7 a5 25.Bb5 h6 26.Kd4 Bc8 27.e5 Bf5 28.d6 exd6
29.exd6 Be6 30.a4 f6 31.Bc4 Bf5 32.Rh7 Rc8 33.Rh8+ Kg7 34.Rxc8 Bxc8 35.Bb5 Kf7
36.d7 Bxd7 37.Bxd7 Ke7 38.Bb5 Kd6 39.f4 g5 40.f5 h5 41.h3 h4 42.Be2 Kc6 43.Bc4 Kd6
44.Bb5  1-0

[Event "1st Open"]
[Site "Kranj SLO"]
[Date "2004.05.14"]
[Round "9"]
[White "Starcic,T"]
[Black "Jelen,Ig"]
[Result "1/2-1/2"]
[WhiteElo "2147"]
[BlackElo "2359"]

1.d4 Nf6 2.c4 g6 3.Nc3 d5 4.cxd5 Nxd5 5.e4 Nxc3 6.bxc3 Bg7 7.Nf3 c5 8.Be3 Qa5
9.Qd2 O-O 10.Rc1 cxd4 11.cxd4 Qxd2+ 12.Nxd2 Rd8 13.Nb3 e6 14.Be2 Nc6 15.Rc4 a5
16.a4 Nb4 17.Nxa5 Bxd4 18.Bxd4 Rxd4 19.O-O e5 20.Rb1 Na2 21.Kf1 Be6 22.Rxd4 exd4
23.Nxb7 Nc3 24.Ra1 Rxa4 25.Rxa4 Nxa4 26.f4 f6 27.Nd6 Nc5 28.Ke1 d3 29.Bf3 Kf8
30.Kd2 Ke7 31.Nb5 g5 32.g3 Bh3 33.Nc3 Be6 34.h4 h6 35.Bd1 Kd6 36.Ke3 Bc4
37.Kd4 Ba6 38.e5+ fxe5+ 39.fxe5+ Kc6 40.Bf3+ Kb6 41.Nd5+ Kb5 42.Nc7+ Kb6
43.Nxa6 Nxa6 44.Kxd3 gxh4 45.gxh4 Kc7 46.Ke4 Kd7 47.Kf5 Ke7 48.Bd5 Nc5 49.Bc4 Nd7
50.h5 Nb6 51.Ba2 Nd7 52.Bb3 Kf8 53.Kg6 Nxe5+ 54.Kxh6 Nf7+ 55.Kg6 Kg8 56.Bxf7+ Kh8
57.Kf6 Kh7 58.Ke7 Kh8 59.Kf8 Kh7  1/2-1/2

[Event "7th United Insurance"]
[Site "Dhaka BAN"]
[Date "2004.05.15"]
[Round "11"]
[White "Islam,Kh"]
[Black "Dutta,Sa"]
[Result "1/2-1/2"]
[WhiteElo "2292"]
[BlackElo "2316"]

1.d4 Nf6 2.c4 g6 3.Nc3 d5 4.cxd5 Nxd5 5.e4 Nxc3 6.bxc3 Bg7 7.Nf3 c5 8.Rb1 O-O
9.Be2 cxd4 10.cxd4 Qa5+ 11.Bd2 Qxa2 12.O-O Bg4 13.Bg5 h6 14.Be3 Nc6 15.d5 Ne5
16.Rxb7 e6 17.d6 Rfd8 18.Re1 Bxf3 19.gxf3 Bf8 20.d7 Qa5 21.Rf1 Qa2 22.Re1 Qa5
23.Rf1 Qa2 24.Bb5 a6 25.Ba4 Nxf3+ 26.Kg2 Nh4+ 27.Kh3 g5 28.Bb3 Qa5 29.Qa1 Qxa1
30.Rxa1 Be7 31.Bb6 Rdb8 32.Rxb8+ Rxb8 33.Rxa6 Bd8 34.Bc4 Bxb6 35.Rxb6 Rd8
36.Bb5 Ng6 37.Rc6 Kf8 38.Rc8 Ke7 39.Kg4 Nf4 40.e5 Ng6 41.Kh5 Nxe5 42.Kxh6 f6
43.Rxd8 Kxd8 44.Kg7 Ng4 45.Be2 Nxf2 46.Kxf6 Kxd7 47.Kxg5 Ke7 48.Kg6 Kf8 49.Kf6 Kg8
50.Ke5 Kg7 51.Kxe6 Nh3 52.Kf5 Kh8  1/2-1/2

[Event "7th United Insurance"]
[Site "Dhaka BAN"]
[Date "2004.05.15"]
[Round "11"]
[White "Chatterjee,D"]
[Black "Thapa,K"]
[Result "0-1"]
[WhiteElo "2229"]
[BlackElo "2126"]

1.d4 Nf6 2.c4 g6 3.Nc3 d5 4.cxd5 Nxd5 5.e4 Nxc3 6.bxc3 Bg7 7.Nf3 O-O 8.Be2 c5
9.Rb1 Nc6 10.d5 Bxc3+ 11.Bd2 Bxd2+ 12.Qxd2 Nd4 13.Nxd4 cxd4 14.Qxd4 Qa5+
15.Qd2 Qxd2+ 16.Kxd2 Rd8 17.Ke3 b6 18.Rhc1 Kf8 19.Rc7 Bd7 20.f4 Ke8 21.Ba6 Bc8
22.Bc4 Bd7 23.e5 Rdc8 24.d6 exd6 25.Bxf7+ Ke7 26.exd6+ Kxd6 27.Rb7 Rc3+ 28.Kd4 Rc5
29.Bc4 Ra5 30.Be2 Rxa2 31.Bf3 Ra4+ 32.Ke3 Ra3+ 33.Kf2 Rxf3+ 34.gxf3 Kc6 35.Rd1 Kxb7
36.Rxd7+ Kc6 37.Rxh7 a5 38.Rg7 a4 39.Rxg6+ Kc5 40.Ke3 a3 41.Rg1 a2 42.Ra1 b5
43.Kd3 Kb4 44.f5 Kb3 45.Kd4 Kb2 46.Rg1 a1=Q 47.Rxa1 Kxa1  0-1

[Event "5th IECC"]
[Site "Antalya TUR"]
[Date "2004.05.16"]
[Round "2"]
[White "Nyback,T"]
[Black "Krasenkow,M"]
[Result "1/2-1/2"]
[WhiteElo "2545"]
[BlackElo "2609"]

1.d4 Nf6 2.c4 g6 3.Nc3 d5 4.cxd5 Nxd5 5.e4 Nxc3 6.bxc3 Bg7 7.Bc4 c5 8.Ne2 Nc6
9.Be3 O-O 10.O-O Na5 11.Bd3 cxd4 12.cxd4 b6 13.Qd2 Bb7 14.Rac1 Qd7 15.Qb4 Nc6
16.Qa4 Qd6 17.Bb5 Na5 18.e5 Qd8 19.Rfd1 a6 20.Bd3 b5 21.Qb4 Bd5 22.Nf4 Bc4
23.Be4 Rc8 24.Qa3 Re8 25.h4 e6 26.g3 Bf8 27.Qb2 Qe7 28.Bd2 Nc6 29.d5 exd5
30.Rxc4 dxe4 31.Nd5 Qe6 32.Nf6+ Kh8 33.Rxe4 Red8 34.h5 Bg7 35.Rde1 Nxe5 36.Rxe5 Bxf6
37.Bg5 Rf8 38.Rxe6 Bxb2 39.Rxa6 gxh5 40.Rb1 Bd4 41.Rxb5 f6 42.Bh6 Rg8 43.Kf1 Rc2
44.Rf5 Rd8 45.a4 Kg8 46.Rf3 Rd5 47.Be3 Bxe3 48.Rxe3 Rf5 49.Re2 Rxe2 50.Kxe2 Kg7
51.Ke3 h4 52.gxh4  1/2-1/2

[Event "Summer I"]
[Site "Alushta UKR"]
[Date "2004.05.18"]
[Round "8"]
[White "Svirjov,I"]
[Black "Kalygin,S"]
[Result "1-0"]
[WhiteElo "2450"]
[BlackElo "2436"]

1.d4 Nf6 2.c4 g6 3.Nc3 d5 4.cxd5 Nxd5 5.e4 Nxc3 6.bxc3 Bg7 7.Bc4 c5 8.Ne2 Nc6
9.Be3 O-O 10.O-O Bg4 11.f3 Na5 12.Bd3 cxd4 13.cxd4 Be6 14.d5 Bxa1 15.Qxa1 f6
16.Bh6 Qb6+ 17.Kh1 Bd7 18.Rb1 Qd6 19.Bxf8 Rxf8 20.Qd4 b6 21.f4 e5 22.dxe6 Qxe6
23.f5 Qf7 24.Rc1 Rc8 25.Rxc8+ Bxc8 26.Qd8+ Qf8 27.Qc7 Qc5 28.Qxa7 Qe3 29.Bb5 Qxe4
30.Qxb6 Bb7 31.Qe6+ Kg7 32.Qxe4 Bxe4 33.fxg6 hxg6 34.Kg1 Kf7 35.Kf2 Ke6 36.g3 g5
37.Ke3 Ke5 38.h4 gxh4 39.gxh4 f5 40.Nf4 Bb1 41.a4 Be4 42.h5 Kf6 43.h6 Nb3
44.Bc4 Na5 45.Bg8 Bc2 46.Kd2 Bxa4 47.h7  1-0

[Event "22nd LIE-Open"]
[Site "Triesen LIE"]
[Date "2004.05.18"]
[Round "5"]
[White "Ferk,M"]
[Black "Schaefer,Mi"]
[Result "0-1"]
[WhiteElo "2027"]
[BlackElo "2136"]

1.d4 Nf6 2.c4 g6 3.Nc3 d5 4.cxd5 Nxd5 5.e4 Nxc3 6.bxc3 Bg7 7.Bc4 c5 8.Ne2 Nc6
9.Be3 O-O 10.O-O Bg4 11.f3 Na5 12.Bd3 cxd4 13.cxd4 Be6 14.Qa4 a6 15.Bf2 b5
16.Qb4 Rc8 17.Rac1 Bc4 18.Bxc4 Nxc4 19.a4 Bh6 20.f4 Qd7 21.axb5 Qxb5 22.Qxb5 axb5
23.Rfd1 Nb2 24.Rxc8 Rxc8 25.Rd2 Nc4 26.Rc2 b4 27.g4 b3 28.Rc3 b2 29.Rb3 e6
30.Kg2 Ra8 31.Bh4 g5 32.fxg5 Bf8 33.g6 hxg6 34.Bf6 Ra1 35.Nc3 Rc1 36.d5 e5
37.d6 Bxd6 38.Nb1 Rxb1 39.Rh3 Rg1+ 40.Kf2 Bc5+ 41.Ke2 Rg2+ 42.Kd3 b1=Q+ 43.Kxc4 Qb4+  0-1

[Event "29th Elekes Mem IM"]
[Site "Budapest HUN"]
[Date "2004.05.19"]
[Round "5"]
[White "Harmon,C"]
[Black "Orso,M"]
[Result "1/2-1/2"]
[WhiteElo "2184"]
[BlackElo "2350"]

1.d4 Nf6 2.c4 g6 3.Nc3 d5 4.cxd5 Nxd5 5.e4 Nxc3 6.bxc3 Bg7 7.Nf3 c5 8.h3 O-O
9.Be3 Nc6 10.Rc1 cxd4 11.cxd4 Qa5+ 12.Qd2 Qxd2+ 13.Kxd2 Rd8 14.Bc4 Na5 15.Bd3 Bd7
16.Rc7 h6 17.Rhc1 e6 18.Ke2 g5 19.R1c5 b6 20.Rc1 Bf8 21.e5 Ba3 22.R1c3 Bb4
23.Rc1 Ba3 24.R1c3 Bb4 25.Rc1  1/2-1/2

[Event "29th Elekes Mem IM"]
[Site "Budapest HUN"]
[Date "2004.05.21"]
[Round "7"]
[White "Harmon,C"]
[Black "Boros,De"]
[Result "0-1"]
[WhiteElo "2184"]
[BlackElo "2408"]

1.d4 Nf6 2.c4 g6 3.Nc3 d5 4.cxd5 Nxd5 5.e4 Nxc3 6.bxc3 Bg7 7.Nf3 O-O 8.h3 c5
9.Be3 Qa5 10.Qd2 Nc6 11.Rc1 cxd4 12.cxd4 Qxd2+ 13.Kxd2 f5 14.Bc4+ Kh8 15.exf5 Bxf5
16.Bd5 Rad8 17.Bxc6 bxc6 18.Rxc6 e5 19.Rc7 exd4 20.Bg5 Rb8 21.Rhc1 Rfe8 22.Re7 Rxe7
23.Bxe7 Rb7 24.Bh4 h6 25.Rc4 g5 26.Bg3 Rb2+ 27.Kc1 Rb1+ 28.Kd2 Be6 29.Ra4 Rb2+
30.Kd3 Bf5+ 31.Kc4 Rc2+ 32.Kd5 Bd7 33.Rxa7 Bc6+ 34.Ke6 Re2+ 35.Kd6 Bxf3 36.gxf3 d3
37.Rd7 Rxa2 38.Ke6 Re2+ 39.Kf5 d2 40.Kg6 Re6+ 41.Kf5 Re2 42.Kg6 Bf8 43.Kf5 Kg8
44.h4 Bb4 45.hxg5 hxg5 46.Kf6 Re1 47.Rd8+ Kh7 48.Rd7+ Kh6 49.f4 d1=Q 50.fxg5+ Kh5
51.Rxd1 Rxd1 52.g6 Bc3+ 53.Kf5 Rd5+ 54.Ke4 Rg5  0-1

[Event "TCh-SCG"]
[Site "Petrovac SCG"]
[Date "2004.05.21"]
[Round "6"]
[White "Damljanovic,B"]
[Black "Nevednichy,V"]
[Result "1-0"]
[WhiteElo "2583"]
[BlackElo "2544"]

1.d4 Nf6 2.c4 g6 3.Nc3 d5 4.cxd5 Nxd5 5.e4 Nxc3 6.bxc3 Bg7 7.Be3 O-O 8.Qd2 c5
9.Rc1 Qa5 10.Nf3 cxd4 11.cxd4 Qxd2+ 12.Nxd2 f5 13.Bc4+ Kh8 14.d5 Nd7 15.exf5 Rxf5
16.g4 Rf8 17.h3 Ne5 18.O-O b6 19.Bb5 Bb7 20.f4 Nf7 21.Bc6 Bxc6 22.Rxc6 Rfd8
23.Rc7 Rxd5 24.Rxe7 Kg8 25.Rc1 Bf8 26.Re6 Rd3 27.Kf2 Nd6 28.Nf3 Ra3 29.Rc2 Rc8
30.Re2 Rcc3 31.Ng5 Nc4 32.Bd4 Rd3 33.Re8 Rxd4 34.Ne6 Rxf4+ 35.Nxf4 Kf7 36.Rc8 Bc5+
37.Ke1 Rf3 38.Rc7+ Kf6 39.Nd5+ Kg5 40.Rxh7 Bd6 41.h4+ Kxg4 42.Re4+ Kf5 43.Rxc4 Ke5
44.Nc3 Rh3 45.Re4+ Kf6 46.Nd5+ Kf5 47.Re2  1-0

[Event "22nd LIE-Open"]
[Site "Triesen LIE"]
[Date "2004.05.22"]
[Round "9"]
[White "Bleis,C"]
[Black "Vucic,M"]
[Result "0-1"]
[WhiteElo "2263"]
[BlackElo "2413"]

1.d4 Nf6 2.c4 g6 3.Nc3 d5 4.cxd5 Nxd5 5.e4 Nxc3 6.bxc3 Bg7 7.Be3 c5 8.Qd2 Qa5
9.Rb1 a6 10.Rc1 O-O 11.Nf3 cxd4 12.cxd4 Qxd2+ 13.Nxd2 Nc6 14.Nb3 e5 15.d5 Nd4
16.Bd3 f5 17.f3 Nxb3 18.axb3 Bd7 19.Rc7 fxe4 20.fxe4 Bb5 21.Ke2 Bxd3+ 22.Kxd3 b5
23.Rhc1 a5 24.Rb7 Rfb8 25.Rxb8+ Rxb8 26.Ra1 Ra8 27.Bd2 a4 28.Bb4 Bf8 29.Bxf8 Kxf8
30.bxa4 bxa4 31.Ra3 Ke7 32.h3 Kd6 33.Kc4 h5 34.Kb5 Rb8+ 35.Kxa4 Kc5 36.Rg3 Rb4+
37.Ka3 Rxe4 38.d6 Kxd6 39.Rxg6+ Kd5 40.Kb2 Kd4 41.Kc2 Ke3 42.g4 Rc4+ 43.Kd1 e4
44.gxh5 Rc5 45.Ra6 Rxh5 46.Ke1 Rb5 47.Ra3+ Kf4 48.Ke2 Rb2+ 49.Ke1 Rh2 50.Rb3 Ra2
51.Rc3 Ra4 52.Ke2 Ra7 53.Rb3 Ra1 54.Rc3 Ra2+  0-1

[Event "5th IECC"]
[Site "Antalya TUR"]
[Date "2004.05.24"]
[Round "9"]
[White "Demirel,T"]
[Black "Bakalarz,M"]
[Result "0-1"]
[WhiteElo "2183"]
[BlackElo "2333"]

1.d4 Nf6 2.c4 g6 3.Nc3 d5 4.cxd5 Nxd5 5.e4 Nxc3 6.bxc3 Bg7 7.Nf3 c5 8.Bb5+ Bd7
9.Bxd7+ Nxd7 10.O-O Qa5 11.Qb3 Qb6 12.Qa4 Qc7 13.Be3 O-O 14.Rac1 a6 15.Rfd1 b5
16.Qa3 Rfc8 17.d5 Nb6 18.Nd2 Na4 19.Rc2 Nxc3 20.Rxc3 b4 21.Qc1 bxc3 22.Nc4 Qb7
23.Qc2 Qb5 24.Qd3 Rab8 25.e5 Bxe5 26.Nxe5 Qxd3 27.Nxd3 c2 28.Rc1 Rb1 29.Kf1 Rd8
30.Ke2 Rxc1 31.Nxc1 Rxd5 32.Nd3 e5 33.Ne1 f5 34.Nxc2 f4 35.Bd2 Kf7 36.Bc3 e4
37.f3 exf3+ 38.gxf3 Rh5 39.Bd2 Rxh2+ 40.Kd3 g5 41.a4 Rf2 42.a5 h5 43.Na3 Rxf3+  0-1

[Event "57th ch-RUS Qualifier"]
[Site "Tomsk RUS"]
[Date "2004.05.26"]
[Round "4"]
[White "Shariyazdanov,A"]
[Black "Yandemirov,V"]
[Result "1-0"]
[WhiteElo "2575"]
[BlackElo "2494"]

1.d4 Nf6 2.c4 g6 3.Nc3 d5 4.cxd5 Nxd5 5.e4 Nxc3 6.bxc3 Bg7 7.Bc4 O-O 8.Ne2 Nc6
9.O-O Na5 10.Bd3 b6 11.Be3 c5 12.Rc1 Bb7 13.Qd2 Rc8 14.d5 c4 15.Bc2 e6 16.Rcd1 exd5
17.exd5 Qd7 18.Bh6 Qd6 19.Ng3 Qe5 20.Bxg7 Qxg7 21.Rfe1 Rcd8 22.d6 Bc6 23.Re3 Kh8
24.Re7 Nb7 25.Qf4 Qxc3 26.Be4 Na5 27.Re5 f5 28.Re7 Qf6 29.Bc2 Rf7 30.Rxf7 Qxf7
31.h4 Nb7 32.h5 Qf6 33.hxg6 hxg6 34.Qh6+ Kg8 35.Nh5 Qe5 36.Qxg6+ Kf8 37.Qh6+ Kf7
38.Qh7+ Kf8 39.d7 Nc5 40.Qh6+ Ke7 41.Qg5+  1-0

[Event "5th IECC"]
[Site "Antalya TUR"]
[Date "2004.05.28"]
[Round "12"]
[White "Stocek,J"]
[Black "Neubauer,M"]
[Result "1-0"]
[WhiteElo "2543"]
[BlackElo "2418"]

1.d4 Nf6 2.c4 g6 3.Nc3 d5 4.cxd5 Nxd5 5.e4 Nxc3 6.bxc3 Bg7 7.Nf3 c5 8.Be3 Qa5
9.Bd2 O-O 10.Be2 Bg4 11.O-O Rd8 12.Rb1 cxd4 13.cxd4 Qxa2 14.Ra1 Qb2 15.Rb1 Qa2
16.d5 Nd7 17.Rxb7 a5 18.h3 Bxf3 19.Bxf3 a4 20.Bg4 Nc5 21.Rxe7 Bf6 22.Rc7 Nxe4
23.Bh6 a3 24.Rxf7 Kxf7 25.Be6+ Ke7 26.Qd3 Ra4 27.Qb5 Ra7 28.Qb6 Rad7 29.Bxd7 Rxd7
30.Qe6+ Kd8 31.Qg8+ Ke7 32.Qf8+  1-0

[Event "57th ch-RUS Qualifier"]
[Site "Tomsk RUS"]
[Date "2004.05.29"]
[Round "7"]
[White "Kobalia,M"]
[Black "Yandemirov,V"]
[Result "1-0"]
[WhiteElo "2630"]
[BlackElo "2494"]

1.d4 Nf6 2.c4 g6 3.Nc3 d5 4.cxd5 Nxd5 5.e4 Nxc3 6.bxc3 Bg7 7.Bc4 O-O 8.Ne2 Nc6
9.O-O Na5 10.Bd3 Be6 11.Bg5 c6 12.f4 Bc4 13.f5 Qd7 14.Rf3 Rfe8 15.Bxc4 Nxc4
16.Qd3 b5 17.Raf1 e5 18.fxe6 Qxe6 19.Ng3 Qg4 20.h4 h6 21.Rf4 Qe6 22.Bf6 Bf8
23.e5 Nb6 24.h5 g5 25.Rf5 Nd5 26.Ne4 Be7 27.Nxg5 hxg5 28.Rxg5+ Kf8 29.Rg8+  1-0

[Event "57th ch-RUS Qualifier"]
[Site "Tomsk RUS"]
[Date "2004.05.30"]
[Round "8"]
[White "Korotylev,A"]
[Black "Timofeev,Ar"]
[Result "1/2-1/2"]
[WhiteElo "2565"]
[BlackElo "2591"]

1.d4 Nf6 2.c4 g6 3.Nc3 d5 4.cxd5 Nxd5 5.e4 Nxc3 6.bxc3 Bg7 7.Bc4 c5 8.Ne2 O-O
9.O-O Nc6 10.Be3 Bg4 11.f3 Na5 12.Bd3 cxd4 13.cxd4 Be6 14.d5 Bxa1 15.Qxa1 f6
16.Bh6 Re8 17.Kh1 Rc8 18.Nf4 Bd7 19.e5 Nc4 20.e6 Ba4 21.Nxg6 hxg6 22.Bxg6 Ne5
23.Be4 Bc2 24.Bxc2 Rxc2 25.Qd1 Kh7 26.f4 Kxh6 27.fxe5 Qc8 28.exf6 Rg8 29.f7 Rgxg2
30.f8=Q+ Qxf8 31.Rxf8 Rxh2+ 32.Kg1 Rcg2+ 33.Kf1 Rh1+ 34.Kxg2 Rxd1 35.Rd8 Kg6
36.Kf3 Kf6 37.Ke4  1/2-1/2

[Event "57th ch-RUS Qualifier"]
[Site "Tomsk RUS"]
[Date "2004.05.30"]
[Round "8"]
[White "Shariyazdanov,A"]
[Black "Vorobiov,E"]
[Result "1-0"]
[WhiteElo "2575"]
[BlackElo "2552"]

1.d4 Nf6 2.c4 g6 3.Nc3 d5 4.cxd5 Nxd5 5.e4 Nxc3 6.bxc3 Bg7 7.Bc4 c5 8.Ne2 Nc6
9.Be3 O-O 10.O-O Bd7 11.Rb1 Na5 12.Bd3 Rc8 13.d5 e5 14.Qd2 f5 15.Bg5 Qe8
16.exf5 gxf5 17.Ng3 Qg6 18.f4 e4 19.Be2 Bf6 20.Nh5 Bd8 21.c4 b6 22.Rbc1 Bxg5
23.fxg5 Rce8 24.Rc3 Re7 25.Rg3  1-0